Statistics for Countries and States of Melanesia (with map)

Click here to take the quiz!

General Stats

  • This quiz has been taken 210 times
  • The average score is 6 of 7

Answers on the Map

Answers color-coded by a green-red scale on the quiz's map according to % correct below.
 

Answer Stats

Countries% Correct
Papua New Guinea
96%
Solomon Islands
96%
Fiji
93%
Vanuatu
92%
Papua
75%
New Caledonia
73%
West Papua
35%

Score Distribution

Percentile by Number Answered

Percent of People with Each Score

Your Score History

You have not taken this quiz